000 00712nam a2200229Ia 4500
003 OSt
005 20221007082131.0
006 a|||||r|||| 00| 0
007 ta
008 221006b |||||||| |||| 00| 0 eng d
024 _a27,963
037 _cReports / Technical Reports
040 _aFLL
_cFLL
_beng
041 _2eng
_aeng
082 _aZ73,3, G1.4
100 _aMiller Hunter Ed.
_9698809
245 0 _aTreaties and other international acts of the United States of America
260 _aWashington
_bUnited States Government Printing Office
_c1934
300 _axxvi,855p
_ccm.
942 _hZ73,3, G1.4
_cREP
_2CC
999 _c1165440
_d1165440